00569nam a2200181 a 450000500170000000800410001702000180005805000300007610000300010624500700013626000320020630000290023852100090026765000100027665000620028670000210034870000180036920140311161032.0090715s19uu xx 00 eng d a9781847874931 aHF 5549.5.E45 bIn56 2009 aBudhwar, Pawan edited by. aInternational human resource management :bthe MNE perspective. / aLos Angeles :bSage,c2009. a393 p. :bill. ;c25 cm. aBSBA aBSBA. aInternational business enterprisesxPersonnel management. aRandall, Schuler aSparrow, Paul